Language Quiz

Random Language or Letter Quiz

11-Letter Vocabulary (Medium) Quiz Stats

 Plays Quiz Updated Jun 23, 2017

Support Sporcle.
Go Orange.
Score 0/25 Timer 08:00
0 Plays Today
% Correct
harpsichord
96.9%
whereabouts
95.3%
westernized
94.9%
lubrication
94%
malpractice
93.8%
infrequency
93.6%
assuredness
92.5%
seismograph
92.4%
benefaction
92.2%
unmentioned
91.3%
tantalizing
91.1%
bureaucracy
90.9%
whimsically
90.5%
% Correct
attribution
90.3%
exculpation
89.9%
tyrannicide
89.9%
flourishing
89.2%
technically
88%
nationalize
87.6%
orchestrate
86.6%
calibration
85.1%
sacrificial
85%
temperament
84.9%
incontinent
74.6%
quicksilver
66.8%

You're not logged in!

Compare scores with friends on all Sporcle quizzes.
OR
Log In
Forgot?

From the Vault

Kiss Me...I'm Irish!

by googlebird

Today the global Irish population increases 6000%. Tomorrow it returns to normal.
Remove Ads.
Support Sporcle.
Get the best of Sporcle when you Go Orange. This ad-free experience offers more features, more stats, and more fun while also helping to support Sporcle. Thank you for becoming a member.

Show Comments

Extras

Top Quizzes Today


Score Distribution

Your Account Isn't Verified!

In order to create a playlist on Sporcle, you need to verify the email address you used during registration. Go to your Sporcle Settings to finish the process.

Report this User

Report this user for behavior that violates our Community Guidelines.

Details: